000 01356nam0a22003011 4500
001 rc\4004524
005 20250611053018.0
021 _aRU
_b[51-7971]
035 _a(NLR Aleph) 008075375
090 _a9089248
_c9089248
100 _a20130415d1950 |||y0rusy50 ca
101 0 _arus
102 _aRU
105 _aa z |||||
200 1 _aВысокогорная растительность заповедника "Денежкин камень"
_fВсерос. о-во охраны природы. Свердл. отд-ние
210 _a[Свердловск]
_cСвердл. обл. гос. изд-во
_d1950
215 _a120 с., 2 л. ил.
_cил.
_d20
300 _aПеред загл. авт.: П.Л. Горчаковский, канд. биол. наук, доц.
320 _aБиблиогр.: с. 116-119
606 _aЗаповедники
_yСвердловская область
_2psbo
606 _aГорная растительность
_yДенежкин камень, заповедник (Свердловская область)
_2psbo
700 1 _4070
_7ca
_8rus
_aГорчаковский
_bП. Л.
_f1920-2008
_gПавел Леонидович
_9248285
_3RU\NLR\AUTH\770248341
801 0 _aRU
_bNLR
_gpsbo
801 1 _aRU
_bELAR
_2rusmarc
852 _aNLR
_jБт02 Г-3/52
942 _cBOOK
980 _aNB